00703cam a22002411 4500001001300000003000400013005001700017008004100034010001700075035002000092040001900112042001200131050001800143060002300161100002200184245005700206260004400263300002900307500003500336500002500371500004200396700002300438med47000534 DLC20260227111559.0820128s1940 xx 000 0 fre  amed47000534  a(OCoLC)14746696 aDLCcDNLMdDLC apremarc00aR520.M3bA4620 aWZ 100bM234t 19401 aMajocchi, Andrea.10aAu service du bistouri,ctraduit par A. Mastrangelo. aGenève,bJ.-H. Jeheber, s. a.c[1940] a3 p. l., [9]-239, [1] p. aAt head of title: A. Majocchi. aColophon dated 1944. aTranslation of Tra bistori e forbici.1 aMastrangelo, Aida.